Êta Mundo Melhor!: Personagens - Statistics

Estatísticas Gerais
  • Esse quiz foi jogado 21 vezes
  • A pontuação média é 24 de 49
Estatísticas das Respostas
Intérprete Personagem % Correto
Sérgio Guizé Candinho
92%
Jeniffer Nascimento Dita
85%
Isaac Amendoim Picolé
77%
Anderson Di Rizzi Zé dos Porcos
77%
Isabelly Carvalho Anabela
69%
Rainer Cadete Celso
69%
Elizabeth Savalla Cunegundes
69%
Eriberto Leão Ernesto
69%
Larissa Manoela Estela
69%
Castorine Maria Divina
62%
Miguel Rômulo Quincas
62%
Flávia Alessandra Sandra
62%
Dhu Moraes Manoela
54%
Betty Gofman Medéia
54%
Ary Fontoura Quinzinho
54%
Davi Malizia Samir
54%
Arthur Yera Simbá
54%
Cadu Libonati Túlio
54%
Evelyn Castro Zenaide
54%
Heloísa Perissé Zulma
54%
Vicente Alvite Aladim
46%
Flávio Tolezani Araújo
46%
Fábio de Luca Detetive Sabiá
46%
Tom Zé Joaquim
46%
Marcelo Argenta Lauro
46%
Maria Carol Rebello Olga
46%
Kenya Costta Quitéria
46%
Paula Burlamaqui Sônia
46%
Chico Terrah Anacleto
38%
Maya Dias Denguinho
38%
Sérgio Malheiros Lourival Piselli
38%
Tony Tornado Lúcio
38%
Nívea Maria Margarida
38%
Giulia Daflon Maria Pureza
38%
Rosane Gofman Olímpia
38%
Luís Miranda Professor Asdrúbal
38%
Monique Alfradique Tamires
38%
Cleiton Morais Tobias
38%
Cristiane Amorim Carmen
31%
Mônica Magnani Dona Pombinha
31%
Marina Cypriano Felícia
31%
Luciana Fernandes Francine
31%
Kênia Bárbara Haydée
31%
Dandara Arcebispo Jasmin
31%
Grace Gianoukas Jocasta
31%
Mariana Bridi Mirtes
31%
Gabriel Canella Vermelho
31%
João Camargo Padre Lucas
23%
Duio Botta Tales
23%
Nenhum quiz correspondente encontrado
Distribuição das Pontuações
Porcentagem de Pessoas com Cada Pontuação
Percentil de Números Respondidos
Sua Pontuação Histórica
Você não jogou esse quiz